1762 1144 1896 1085 1848 1509 1310 1788 1277 1054 1190 1872 1856 1592 1942 1005 1172 1690 1668 1812 1297 1928 1272 1930 1226 1933 1759 1537 1979 1468 1815 1623 1624 1055 1087 1808 1189 1992 1451 1011 1906 1093 1747 1278 1761 1645 1220 1562 1581 1136 1485 1052 1680 1135 1967 1809 1090 1537 1533 1562 1561 1869 1476 1625 1048 1725 1705 1208 1822 1515 1491 1661 1226 1418 1012 1053 1188 1354 1353 1721 1739 1937 1222 1828 1489 1833 1667 1561 1691 1652 1960 1276 1627 1813 1608 1383 1978 1791 1464 BCNSPRNW ULIB Ver.6.0+V

เปลี่ยนเป็นภาษาไทย

Change to English
 แสดงรายละเอียดบรรณานุกรม
  กลับหน้าหลัก

Brief Record : Get Marc (ISO 2709) : E-mail record : QR code < ปิดหน้าต่าง
LEADER : 00000nam 2200000uu 4500
001    13399126013
003     ULIB
008    180427s2559||||th 000 0 tha d
020    ^a9786160027354
050    ^aนว^bพ289ภ
100  0  ^aพรรณสิริ.
245  1  ^aภูผามังกร /^cพรรณสิริ.
250    ^aพิมพ์ครั้งที่ 1.
260    ^aกรุงเทพฯ :^bPrincess,^c2559.
300    ^a419 หน้า ;^c21 ซม.
490  1  ^aชุดจอมใจพยัคฆ์
830    0 ^aชุดจอมใจพยัคฆ์.
850    ^aมบ.
945    ^p300^l0^i003427
999    ^aประนอม เกษจรัล
รายการนี้ยังไม่มีแท็ก
คุณยังไม่ได้ล็อกอิน คุณสามารถมีกิจกรรมร่วมกับเว็บไซต์ได้ แต่ต้องล็อกอินก่อน ::
  ล็อกอิน

รายการสื่อสารสนเทศ

ลำดับที่ ประเภท เลขเรียก/บาร์โค้ด สถานที่ สถานะ
1. นวนิยาย
นวนิยาย
นว พ289ภ ฉ.1 
  Barcode: 003427
ห้องสมุดวิทยาเขตนครสวรรค์
►นวนิยาย:l:Fiction
บนชั้น

BibComment


ยังไม่เคยถูกคอมเมนท์

คอมเมนท์ทรัพยากรรายการนี้
  คอมเมนท์: ภูผามังกร พรร..


 Copyright 2026. Bcnsprnw @Library